Statistics for Movie Titles in Different Languages

Click here to take the quiz!

General Stats

  • This quiz has been taken 590 times
  • The average score is 9 of 23

Answer Stats

LanguageMovie TitleAnswer% Correct
SpanishEl PadrinoThe Godfather
91%
HindiJokarJoker
85%
EsperantoSavante Soldaton RyanSaving Private Ryan
83%
FinnishKansalainen KaneCitizen Kane
79%
EstonianAmeerika PsühhoAmerican Psycho
74%
GermanDer Gute Der Böse Und Der HässlicheThe Good, The Bad, and The Ugly
67%
ItalianIl Miglio VerdeThe Green Mile
65%
BosnianKlub BoracaFightclub
61%
FilipinoIsang Lumipad sa Pugad ng CuckooOne Flew Over The Cuckoo’s Nest
59%
BasqueMaskaraThe Mask
52%
CroatianMatricaThe Matrix
39%
CatalanEl Cavaller FoscThe Dark Knight
25%
MalayPemandu TeksiTaxi Driver
23%
HawaiianKa Hamau o na KeikihipaThe Silence of The Lambs
20%
YiddishSeykouPsycho
19%
FrenchCoureur de LameBlade Runner
18%
PolishLśnienieThe Shining
8%
TurkishYıldızlararasıInterstellar
6%
MāoriPakiwaitara PenupenuPulp Fiction
5%
ChineseWài Xīng RénAlien
4%
JapaneseKiseichūParasite
4%
IcelandicHluturinnThe Thing
2%
LatvianPātagas SitiensWhiplash
2%

Score Distribution

Percentile by Number Answered

Percent of People with Each Score

Your Score History

You have not taken this quiz